|
|
|
|
| LEADER |
00554nam a2200133Ia 4500 |
| 008 |
160725s9999||||xx |||||||||||||| ||eng|| |
| 020 |
|
|
|a 852986475
|
| 082 |
|
|
|a 612.76
|
| 245 |
|
|
|a Biomechanics in sports: papers prepared for the engineering in medicine group of the institutionof mechanical engineers/
|
| 260 |
|
|
|b Mechanical Engineering Publications Ltd
|a London
|
| 260 |
|
|
|c 1988
|
| 300 |
|
|
|a 121p.
|
| 999 |
|
|
|c 297934
|d 297934
|
| 952 |
|
|
|0 0
|1 0
|4 0
|6 612_760000000000000
|7 0
|8 CPE
|9 338597
|a DPE
|b DPE
|c ST1
|d 2016-07-25
|g 4902.40
|i 1113
|l 0
|o 612.76
|p CPE1113
|r 2016-07-25
|w 2016-07-25
|y BK
|